Disceptationes ecclesiasticae una cum resolutionibus seu judicatis sacrarum congregationum, in quibus pro una partium scripsit,...

Detalles Bibliográficos
Autor principal: URSAYA, Domingo
Formato: Libro
Publicado: Venecia 1730
Materias:
Colección:Banco de datos
Acervo:Biblioteca del Convento de San Pablo. Yuririahupándaro. Guanajuato
Descripción Física:t. VIII
Tema general:Derecho Eclesiástico
Notas:Buena. No identificadas 3 y 4. 2N5, 3.
LEADER 00773nam a22002050004500
035 |a 37916 
036 |a 3557 
100 1 |a URSAYA, Domingo 
245 1 0 |a Disceptationes ecclesiasticae una cum resolutionibus seu judicatis sacrarum congregationum, in quibus pro una partium scripsit,... 
260 |a Venecia  |b Tip. Balleoniana imp.  |c 1730 
300 |a t. VIII 
500 |a Buena. No identificadas 3 y 4. 2N5, 3. 
650 1 0 |a Derecho Eclesiástico 
949 |a CRG-CY 
959 |a Ex convento de San Pablo, Museo Regional de Yuririahpúndaro, Guanajuato  |b CCC9 
960 |a Convento San Pablo Yuririahpúndaro, Guanajuato  |b DD86 
961 |a Agustina  |b OA 
942 |c CRG-CY 
943 |g Biblioteca del Convento de San Pablo. Yuririahupándaro. Guanajuato 
999 |c 958582  |d 958582